000 00388nam a22001577a 4500
020 _a9789357325783
082 _aM301
_bUNN/P
100 _aUnnikrishnan Kidangoor
245 _aPontha/
_cby Unnikrishnan Kidangoor
260 _aKottayam:
_bDC Books,
_c2024.
300 _a162p.
650 _aStories Malayalam
650 _aLiterature Malayalam
650 _aLiterature
942 _cBK
999 _c181879
_d181879